LEADER 01490nam0-2200529-i-450 001 990009536460403321 005 20190408141856.0 010 $a978-1-4614-1938-9$bhardback 010 $a978-1-4614-1939-6 035 $a000953646 035 $aFED01000953646 035 $a(Aleph)000953646FED01 035 $a000953646 100 $a20120301d2012----km-y0itay50------ba 101 0 $aeng 102 $aUS 105 $aa---a---001yy 200 1 $aSpectra of graphs$fAndries E. Brower, Willem H. H. Haemers 210 $aNew York$cSpringer$d2012 215 $aXIII, 250 p.$cill.$d24 cm 225 1 $aUniversitext 610 0 $aCombinatorica algebrica 610 0 $aDisegni e configurazioni 610 0 $aTeoria dei grafi 610 0 $aCombinatorica estremale 610 0 $aGeometrie finite e strutture di incidenza speciali 610 0 $aTeoria dei codici a correzione di errori 610 0 $aCircuiti$aReti 676 $a511.6$v21$zita 700 1$aBrouwer,$bAndries E.$042266 701 1$aHaemers,$bWillem H.$0515498 801 0$aIT$bUNINA$gREICAT$2UNIMARC 901 $aBK 912 $a990009536460403321 952 $aC-6-(247$b25051$fMA1 952 $a114-C-68$bn. ingr. 58/2019$fMA1 952 $aST-86-02$bn. ingr. 57/2019$fMA1 959 $aMA1 962 $a05EXX 962 $a05BXX 962 $a05CXX 962 $a05DXX 962 $a51EXX 962 $a94BXX 962 $a94CXX 996 $aSpectra of graphs$9855239 997 $aUNINA LEADER 01090nam a2200277 i 4500 001 991000777109707536 008 100625s2009 it 000 0 ita d 020 $a9788842091318 035 $ab13909927-39ule_inst 040 $aBiblioteca Interfacoltà$bita 082 04$a002 100 1 $aChartier, Roger $062912 245 10$aAscoltare il passato con gli occhi /$cRoger Chartier ; introduzione di Lodovica Braida 260 $aRoma ; Bari :$bLaterza,$c2009 300 $aXIX, 80 p. ;$c20 cm. 440 3$aIl nocciolo ;$v56 650 4$aLibri 650 4$aScrittura$xAspetti socio-culturali 700 1 $aBraida, Lodovica 907 $a.b13909927$b07-12-21$c25-06-10 912 $a991000777109707536 945 $aLE002 Bibl. Ris. 505$g1$i2002000613561$lle002$op$pE9.50$q-$rn$so $t0$u0$v0$w0$x0$y.i15148105$z25-06-10 945 $ale023 Fondo Brambilla 1351$g1$i2023000214251$lle023$o-$pE9.50$q-$rn$so $t0$u0$v0$w0$x0$y.i15988727$z07-12-21 996 $aÉcouter les morts avec les yeux$937420 997 $aUNISALENTO 998 $ale002$ale023$b25-06-10$cm$da $e-$fita$git $h0$i0